000 00224nam a22000857a 4500
008 170612b xxu||||| |||| 00| 0 eng d
100 _93356
_aMohan
245 _aedge ways multi skill english - 6
260 _aNew Delhi
_bParchi
_c2010
999 _c6694
_d6694